000 00654nab a2200193 4500
001 244442
003 OSt
005 20241125131339.0
007 tu
008 200917s2020|||||||
040 _aDE-2950
_cDE-2950
245 0 0 _aBaseballschlägerjahre kommen auf die Bühne
_bKultur. Ein neues Stück am Kleist Forum thematisiert rechtsextreme Gewalt nach der Wende. Warum das Thema gerade jetzt wichtig ist/
_cWiemke Reimers
264 _c2024
653 _aFrankfurt (Oder)
653 _aKleistforum
653 _aBaseballschlägerjahre
773 0 _g35. Jahrgang (2024) Nr. 270 vom 19.11.2024, S. 16 mit Foto
_tMärkische Oderzeitung
942 _2z
_cA
999 _c373479
_d373479